LDR 01272naa#a2200181#i#450# 001 RU\\bibl\122191 005 20260502090157.6 011 ## _a2074-1626 100 ## _a20260416b2026####ek#y0rusy0150####ca 102 ## _aRU 200 1# _aКРИМИНОЛОГИЧЕСКИЙ АНАЛИЗ И ПРОФИЛАКТИКА СОВРЕМЕННЫХ МОЛОДЕЖНЫХ ДЕСТРУКТИВНЫХ ДВИЖЕНИЙ _eЖурнальная статья 210 1# _aСанкт-Петербург _cСанкт-Петербургский университет Государственной противопожарной службы Министерства Российской Федерации по делам гражданской обороны, чрезвычайным ситуациям и ликвидации последствий стихийных бедствий имени Героя Российской Федерации генерала армии Е.Н. Зиничева _d2026 215 ## _a7 с. 608 ## _aЖурнальная статья _2local 675 ## _aКриминология. Криминалистика. 343.9 _z 700 #1 _aПопова _gНадежда Владимировна 700 #1 _aФилиппова _gНеля Викторовна 856 4# _ajournals.igps.ru _u